000 00634nam a22002417a 4500
005 20180421153427.0
008 180421b xxu||||| |||| 00| 0 eng d
020 _a9788131608579
_cRs.1550.00
040 _aLoreto College
041 _aEnglish
082 _a301
_bMER
100 _aMerton,Robert K.
245 _aSocial theory and social structure
_cRobert K.Merton
250 _arev. & enl.ed.
260 _aJaipur
_bRawat Publications
_c2017
300 _axviii,645p
_b22cm
504 _aIncludes index
650 _aSociology
650 _aSocial structure
650 _aSocial theory
850 _aLCLIB
942 _cBK
999 _c41506
_d91985